Information literacy for today's diverse students differentiated instructional techniques for academic librarians

Bibliographic Details
Main Author: Berrio Matamoros, Alex (Author)
Format: Book
Language:English
PhysicalDescription:159 strán 24 cm
Published: Santa Barbara Denver Libraries Unlimited [2019]
ISBN:9781440862076
9781440862083
Subjects:

MARC

LEADER 00000cam a2200000 4500
001 vtls011982378
003 SK-MaSNL
005 20260302023836.0
008 200717s2019 xxu f nf 011 0 eng
020 |a 9781440862076  |q (brožované) 
020 |a 9781440862083  |q (ebook) 
040 |a SNK  |b slo  |c SNK  |e rda 
041 0 |a eng 
044 |a xxu  |c US 
072 7 |a 37  |x Výchova a vzdelávanie  |2 konspekt 
080 |a 37.03:024.5  |2 2011 
080 |a 37.011.3-052  |2 2011 
080 |a 027.2  |2 2011 
080 |a 023.5  |2 2011 
080 |a (035)  |2 2011 
100 1 |a Berrio Matamoros, Alex  |4 aut  |9 671116 
245 1 0 |a Information literacy for today's diverse students  |b differentiated instructional techniques for academic librarians  |c Alex Berrio Matamoro 
264 1 |a Santa Barbara  |a Denver  |b Libraries Unlimited  |c [2019] 
264 4 |c ©2019 
300 |a 159 strán  |c 24 cm 
336 |a text  |b txt  |2 rdacontent 
337 |a bez média  |b n  |2 rdamedia 
338 |a zväzok  |b nc  |2 rdacarrier 
500 |a Obsahuje biografické údaje o autorovi 
504 |a Obsahuje bibliografiu na strane 145-150 ; register na strane 151-159 
650 0 7 |a informačná gramotnosť  |2 SNKPH  |9 79102 
650 0 7 |a študenti  |2 SNKPH  |9 3979 
650 0 7 |a akademické knižnice  |2 SNKPH  |9 51410 
650 0 7 |a Information literacy  |2 SNKPHeng  |9 364139 
650 0 7 |a Students  |2 SNKPHeng  |9 270855 
650 0 7 |a Academic libraries  |2 SNKPHeng  |9 324290 
650 0 7 |a knihovníci  |2 SNKPH  |9 4220 
650 0 7 |a Librarians  |2 SNKPHeng  |9 334714 
655 7 |a príručky  |2 SNKPH  |9 74364 
655 7 |a Handbooks, manuals, etc.  |2 SNKPHeng  |9 90964 
919 |a 978-1-4408-6207-6 
919 |a 978-1-4408-6208-3 
958 |a NB 
999 |c 1038113  |d 1040043 
952 |a SNKPRIRUCN  |b SNKPULT  |y VYP  |7 0  |p 17A1429958  |o snkIC 145359  |i snk2020/15246  |8 4  |g 67.43  |3 Príručná knižnica  |0 0  |1 0  |4 0  |d 2020-07-17  |l 1  |q 2026-10-23  |r 2026-03-27 14:24:52  |s 2026-03-27  |w 2026-02-24